000 00414nam a2200181Ia 4500
001 533
005 20260306140525.0
008 260306t2017||||xx |||||||||||||| ||spa||
041 _aESP
082 _a126
_bS731
100 _aSearle, John R.
_eAUT
245 0 _aEl misterio de la conciencia
260 _c2017
300 _a196 páginas :
_c20 cm.
650 _aGEN
654 _aCHU
942 _cLIB
_dJUS
_fJUS
_2ddc
_n
999 _c533
_d533